Nem száll a pernye (Kép)

Elmentve itt :
Bibliográfiai részletek
Szerző: Nagy László
Dokumentumtípus: Cikk
Megjelent: 1984-05-19
Sorozat:Délmagyarország 74 No. 116
Kulcsszavak:Vasöntöde
Online Access:http://dmarchiv.bibl.u-szeged.hu/107018
LEADER 00442nab a2200157 i 4500
001 delm107018
005 20190905101412.0
008 190905s1984 hu o 0|| hun d
040 |a SZTE Délmagyarország Archívum  |b hun 
041 |a hun 
100 1 |a Nagy László 
245 1 4 |a Nem száll a pernye (Kép)  |h [elektronikus dokumentum] /  |c  Nagy László 
260 |c 1984-05-19 
300 |a 1 
490 0 |a Délmagyarország  |v 74 No. 116 
695 |a Vasöntöde